المؤتمر السنوي لعام 2021 لمجمع اللغة العربية الأردني (Record no. 33369)
[ view plain ]
| 000 -LEADER | |
|---|---|
| fixed length control field | 00595nam a22001697a 4500 |
| 003 - CONTROL NUMBER IDENTIFIER | |
| control field | JO-AjAnu |
| 005 - DATE AND TIME OF LATEST TRANSACTION | |
| control field | 20240330102911.0 |
| 008 - FIXED-LENGTH DATA ELEMENTS--GENERAL INFORMATION | |
| fixed length control field | 240330b jo ||||| |||| 00| 0 ara d |
| 040 ## - CATALOGING SOURCE | |
| Original cataloging agency | JO-AjAnu |
| Transcribing agency | anu |
| 041 ## - LANGUAGE CODE | |
| Language code of text/sound track or separate title | ara |
| 111 ## - MAIN ENTRY--MEETING NAME | |
| Meeting name or jurisdiction name as entry element | مؤتمر مجمع اللغة العربية |
| 9 (RLIN) | 65177 |
| 245 ## - TITLE STATEMENT | |
| Title | المؤتمر السنوي لعام 2021 لمجمع اللغة العربية الأردني |
| 260 ## - PUBLICATION, DISTRIBUTION, ETC. | |
| Date of publication, distribution, etc. | الأردن : |
| Place of publication, distribution, etc. | مجمع اللغة العربية الأردني، |
| Name of publisher, distributor, etc. | 2021 |
| 300 ## - PHYSICAL DESCRIPTION | |
| Extent | 348 ورقة |
| 611 40 - SUBJECT ADDED ENTRY--MEETING NAME | |
| Meeting name or jurisdiction name as entry element | اللغة العربية |
| Location of meeting | عمان |
| 9 (RLIN) | 65178 |
| 942 ## - ADDED ENTRY ELEMENTS (KOHA) | |
| Source of classification or shelving scheme | Library of Congress Classification |
| Koha item type | Reference |
| Suppress in OPAC | No |
| Withdrawn status | Lost status | Source of classification or shelving scheme | Damaged status | Not for loan | Home library | Current library | Date acquired | Total Checkouts | Full call number | Barcode | Date last seen | Price effective from | Koha item type |
|---|---|---|---|---|---|---|---|---|---|---|---|---|---|
| Library of Congress Classification | مكتبة جامعة عجلون الوطنية | مكتبة جامعة عجلون الوطنية | 30/03/2024 | PJ6161.M345.2022 | A29836 | 30/03/2024 | 30/03/2024 | Reference |